| 000 | 00575nam a2200169 4500 | ||
|---|---|---|---|
| 999 |
_c512880 _d512880 |
||
| 008 | 191226b ||||| |||| 00| 0 eng d | ||
| 100 |
_aFumagalli, Elena _914886 |
||
| 245 | _aNeighbourhood ethnic composition and social participation of young people in England | ||
| 260 | _bEconomic Journal | ||
| 300 | _a129(622), Aug, 2019: p.2459-2521. | ||
| 650 |
_aNeighbourhood - United Kingdom _914887 |
||
| 650 |
_aEthnic group _914888 |
||
| 700 |
_aFumagalli, Laura _914889 |
||
| 773 | _aEconomic Journal | ||
| 906 | _aSocial participation - United Kingdom | ||
| 942 |
_2ddc _cAR |
||